| 000 | 01189cam a22003255i 4500 | ||
|---|---|---|---|
| 008 | 130506m2006 gw a b 001 0 eng | ||
| 010 | _a 2012554201 | ||
| 020 | _a352731850X (v. 1 and 2 : set) | ||
| 020 | _a3527331239 (v. 3) | ||
| 020 | _a9783527318506 (v. 1 and 2 : set) | ||
| 020 | _a9783527331239 (v. 3) | ||
| 020 | _z9783527666997 (v. 3 : ePDF) | ||
| 040 |
_aDLC _beng _cDLC _erda |
||
| 092 | 0 | 4 |
_a572.6 _bP9674 _221 |
| 099 |
_a04 _a572.6 P9674 |
||
| 245 | 0 | 0 |
_aProtein engineering handbook / _cedited by Stefan Lutz and Uwe T. Bornscheuer. |
| 260 |
_aWeinheim : _bWiley-VCH, _cc2006. |
||
| 300 |
_a2 v. : _bill. (some col.) ; _c25 cm. |
||
| 504 | _aIncludes bibliographical references and index. | ||
| 505 | 1 | _aVol. 3: "The content is chosen to complement and extend the previously published two-volume handbook by the same editors"--Back cover. | |
| 590 | _aLibrary has v. 1 - 2 only. | ||
| 650 | 0 | _aProtein engineering. | |
| 700 | 1 |
_aBornscheuer, U. T. _q(Uwe Theo), _d1964- |
|
| 700 | 1 |
_aLutz, Stefan _c(Professor) |
|
| 902 | _a1 | ||
| 905 |
_aJamal _eCat. |
||
| 905 |
_aReda _eRev. |
||
| 942 |
_2ddc _cBK |
||
| 999 |
_c133904 _d133904 |
||